[Event "27th CRO-chT Women 2018"]
[Site "Biograd"]
[Date "2018.09.15"]
[Round "9.5"]
[White "Videnova, Iva"]
[Black "Nikolova, Adriana"]
[Result "1/2-1/2"]
[WhiteElo "2336"]
[BlackElo "2281"]
[Annotator "RC"]
[PlyCount "191"]
[EventDate "2018.09.08"]
[EventType "team-tourn"]
[EventCountry "CRO"]
[SourceTitle "playchess.com"]
[Source "ChessBase"]
[SourceQuality "1"]
[TimeControl "40/5400+30:1800+30"]

1. e4 {[%emt 0:00:30]} c6 {[%emt 0:00:30]} 2. Nf3 {[%emt 0:00:30]} d5 {[%emt 0:00:00]} 3. exd5 {[%emt 0:00:00]} cxd5 {[%emt 0:00:00]} 4. Ne5 {[%emt 0:01:00]} Nf6 {[%emt 0:06:30]} 5. d4 {[%emt 0:01:30]} g6 {[%emt 0:00:30]} 6. Bb5+ {[%emt 0:00:30]} Nbd7 {[%emt 0:00:00]} 7. c3 {[%emt 0:01:30]} Bg7 {[%emt 0:01:00]} 8. O-O {[%emt 0:00:30]} O-O {[%emt 0:00:00]} 9. Nf3 {[%emt 0:04:30]} Ne4 {[%emt 0:02:00]} 10. Nbd2 {[%emt 0:02:30]} Ndf6 {[%emt 0:01:30]} 11. h3 {[%emt 0:02:30]} Nxd2 {[%emt 0:02:30]} 12. Bxd2 {[%emt 0:00:30]} Ne4 {[%emt 0:07:30]} 13. Bf4 {[%emt 0:01:30]} Qb6 {[%emt 0:10:30]} 14. Qe2 {[%emt 0:05:30]} Bf5 {[%emt 0:02:30]} 15. Bd3 {[%emt 0:02:30]} Rfe8 {[%emt 0:02:30]} 16. a4 {[%emt 0:01:30]} a5 {[%emt 0:01:30]} 17. Bb5 {[%emt 0:02:30]} Red8 {[%emt 0:01:30]} 18. Rfe1 {[%emt 0:02:30]} Bf6 {[%emt 0:03:30]} 19. Be5 {[%emt 0:05:30]} Bxe5 {[%emt 0:09:30]} 20. dxe5 {[%emt 0:06:30]} Bd7 {[%emt 0:04:30]} 21. Bxd7 {[%emt 0:03:30]} Rxd7 {[%emt 0:00:00]} 22. Nd4 {[%emt 0:00:30]} e6 {[%emt 0:04:00]} 23. Red1 {[%emt 0:16:30]} Rc8 {[%emt 0:02:30]} 24. h4 {[%emt 0:02:30]} Rc4 {[%emt 0:03:30]} 25. g3 {[%emt 0:08:30]} Qc7 {[%emt 0:06:30]} 26. Nf3 {[%emt 0:00:30]} Qb6 {[%emt 0:03:30]} 27. Kg2 {[%emt 0:03:30]} Qc7 {[%emt 0:08:37]} 28. Qe3 {[%emt 0:01:30]} Kg7 {[%emt 0:01:21]} 29. h5 {[%emt 0:06:16]} h6 {[%emt 0:00:29]} 30. Rd4 {[%emt 0:02:20]} g5 {[%emt 0:02:09]} 31. Rad1 {[%emt 0:01:09]} f6 {[%emt 0:10:40]} 32. exf6+ {[%emt 0:01:47]} Kxf6 {[%emt 0:00:01]} 33. Nh2 {[%emt 0:01:03]} Kg7 {[%emt 0:00:49]} 34. Ng4 {[%emt 0:02:16]} Re7 {[%emt 0:02:58]} 35. Rxc4 {[%emt 0:05:50]} Qxc4 {[%emt 0:00:30]} 36. f3 {[%emt 0:00:41]} Nf6 {[%emt 0:00:30]} 37. Qe5 {[%emt 0:02:33]} Rf7 {[%emt 0:00:01]} 38. Re1 {[%emt 0:01:20]} Qxa4 {[%emt 0:01:21]} 39. Re2 {[%emt 0:01:11]} Qc6 {[%emt 0:00:47]} 40. Qd4 {[%emt 0:00:00]} Qc4 {[%emt 0:00:00]} 41. Qxc4 {[%emt 0:11:04]} dxc4 {[%emt 0:00:17]} 42. Rxe6 {[%emt 0:00:00]} Nxg4 {[%emt 0:05:30]} 43. Rg6+ {[%emt 0:01:00]} Kh7 {[%emt 0:01:30]} 44. fxg4 {[%emt 0:00:30]} b5 {[%emt 0:02:30]} 45. Rb6 {[%emt 0:00:30]} b4 {[%emt 0:00:00]} 46. cxb4 {[%emt 0:00:30]} axb4 {[%emt 0:03:00]} 47. Rxb4 {[%emt 0:00:30]} Rc7 {[%emt 0:00:00]} 48. Kf3 {[%emt 0:01:30]} c3 {[%emt 0:00:00]} 49. bxc3 {[%emt 0:00:30]} Rxc3+ {[%emt 0:00:30]} 50. Ke4 {[%emt 0:00:30]} Rc5 {[%emt 0:07:35]} 51. Rb7+ {[%emt 0:01:30]} Kg8 {[%emt 0:00:11]} 52. Rd7 {[%emt 0:00:30]} Ra5 {[%emt 0:00:41]} 53. Re7 {[%emt 0:00:30]} Rb5 {[%emt 0:00:15]} 54. Re5 {[%emt 0:01:26]} Rb1 {[%emt 0:00:03]} 55. Kf5 {[%emt 0:00:24]} Kf7 {[%emt 0:00:07]} 56. Rc5 {[%emt 0:01:59]} Rf1+ {[%emt 0:00:05]} 57. Ke4 {[%emt 0:00:02]} Re1+ {[%emt 0:00:40]} 58. Kf3 {[%emt 0:00:13]} Re6 {[%emt 0:05:19]} 59. Rc7+ {[%emt 0:00:55]} Kf6 {[%emt 0:00:26]} 60. Rh7 {[%emt 0:00:37]} Ke5 {[%emt 0:00:01]} 61. Ke3 {[%emt 0:01:32]} Ra6 {[%emt 0:01:21]} 62. Re7+ {[%emt 0:00:33]} Kd5 {[%emt 0:00:16]} 63. Rd7+ {[%emt 0:01:11]} Ke5 {[%emt 0:00:07]} 64. Rd3 {[%emt 0:00:22]} Ra4 {[%emt 0:01:53]} 65. Kf3 {[%emt 0:00:33]} Ra6 {[%emt 0:00:50]} 66. Rb3 {[%emt 0:00:21]} Kf6 {[%emt 0:02:35]} 67. Rc3 {[%emt 0:00:45]} Rb6 {[%emt 0:00:26]} 68. Rd3 {[%emt 0:00:26]} Ke5 {[%emt 0:00:25]} 69. Ke3 {[%emt 0:01:58]} Rb4 {[%emt 0:00:21]} 70. Kf3 {[%emt 0:00:21]} Rb6 {[%emt 0:00:05]} 71. Ra3 {[%emt 0:00:18]} Kf6 {[%emt 0:00:38]} 72. Re3 {[%emt 0:01:11]} Ra6 {[%emt 0:00:12]} 73. Rb3 {[%emt 0:00:56]} Ke5 {[%emt 0:00:17]} 74. Rb5+ {[%emt 0:00:05]} Ke6 {[%emt 0:00:40]} 75. Rb7 {[%emt 0:01:18]} Ra3+ {[%emt 0:00:23]} 76. Kg2 {[%emt 0:00:46]} Ra2+ {[%emt 0:00:07]} 77. Kh3 {[%emt 0:00:26]} Ra6 {[%emt 0:00:22]} 78. Rg7 {[%emt 0:00:40]} Ke5 {[%emt 0:00:20]} 79. Rg8 {[%emt 0:00:20]} Rb6 {[%emt 0:00:08]} 80. Rh8 {[%emt 0:01:03]} Ra6 {[%emt 0:00:18]} 81. Kg2 {[%emt 0:00:08]} Ra2+ {[%emt 0:00:28]} 82. Kf3 {[%emt 0:00:08]} Ra3+ {[%emt 0:00:09]} 83. Kf2 {[%emt 0:00:17]} Ra2+ {[%emt 0:00:05]} 84. Kf3 {[%emt 0:00:21]} Ra3+ {[%emt 0:00:04]} 85. Kg2 {[%emt 0:00:14]} Ra2+ {[%emt 0:00:02]} 86. Kh3 {[%emt 0:00:03]} Ra6 {[%emt 0:00:04]} 87. Rf8 {[%emt 0:00:10]} Rb6 {[%emt 0:00:23]} 88. Rf5+ {[%emt 0:00:12]} Ke6 {[%emt 0:00:34]} 89. Rc5 {[%emt 0:00:10]} Ra6 {[%emt 0:00:32]} 90. Kg2 {[%emt 0:00:06]} Kf6 {[%emt 0:00:44]} 91. Rc3 {[%emt 0:00:20]} Ke5 {[%emt 0:01:18]} 92. Kf3 {[%emt 0:00:06]} Rb6 {[%emt 0:00:21]} 93. Rc5+ {[%emt 0:00:10]} Ke6 {[%emt 0:00:05]} 94. Ke3 {[%emt 0:00:29]} Rb3+ {[%emt 0:00:24]} 95. Ke4 {[%emt 0:02:41]} Rb4+ {[%emt 0:00:05]} 96. Kf3 {[%emt 0:00:01]} 1/2-1/2

[Event "27th CRO-chT Women 2018"]
[Site "Biograd"]
[Date "2018.09.15"]
[Round "9.6"]
[White "Berke, Ana"]
[Black "Ivekovic, Tihana"]
[Result "1/2-1/2"]
[WhiteElo "2170"]
[BlackElo "2114"]
[Annotator "ChessBase"]
[PlyCount "130"]
[EventDate "2018.09.08"]
[EventType "team-tourn"]
[EventCountry "CRO"]
[SourceTitle "playchess.com"]
[Source "ChessBase"]
[SourceQuality "1"]
[TimeControl "40/5400+30:1800+30"]

1. e4 {[%emt 0:03:30]} c5 {[%emt 0:00:30]} 2. g3 {[%emt 0:00:30]} Nc6 {[%emt 0:00:30]} 3. Bg2 {[%emt 0:00:30]} g6 {[%emt 0:00:30]} 4. d3 {[%emt 0:01:30]} Bg7 {[%emt 0:00:30]} 5. Nf3 {[%emt 0:00:30]} e6 {[%emt 0:00:30]} 6. O-O {[%emt 0:00:00]} Nge7 {[%emt 0:00:30]} 7. c3 {[%emt 0:03:00]} O-O {[%emt 0:00:30]} 8. Be3 {[%emt 0:01:30]} d6 {[%emt 0:03:30]} 9. d4 {[%emt 0:05:30]} cxd4 {[%emt 0:00:30]} 10. cxd4 {[%emt 0:04:30]} d5 {[%emt 0:00:30]} 11. e5 {[%emt 0:02:30]} f6 {[%emt 0:10:30]} 12. exf6 {[%emt 0:01:30]} Bxf6 {[%emt 0:00:30]} 13. Nc3 {[%emt 0:08:30]} Nf5 {[%emt 0:00:30]} 14. Qd2 {[%emt 0:01:30]} Bd7 {[%emt 0:02:30]} 15. Rad1 {[%emt 0:01:30]} Qa5 {[%emt 0:04:30]} 16. a3 {[%emt 0:06:30]} Rad8 {[%emt 0:11:30]} 17. h4 {[%emt 0:03:30]} b5 {[%emt 0:02:30]} 18. Bg5 {[%emt 0:06:30]} b4 {[%emt 0:03:30]} 19. axb4 {[%emt 0:02:30]} Qxb4 {[%emt 0:00:30]} 20. Bxf6 {[%emt 0:02:30]} Rxf6 {[%emt 0:00:30]} 21. g4 {[%emt 0:02:30]} Nfe7 {[%emt 0:02:30]} 22. Qh6 {[%emt 0:11:30]} Rf7 {[%emt 0:02:30]} 23. Ne2 {[%emt 0:08:30]} e5 {[%emt 0:05:30]} 24. Nxe5 {[%emt 0:14:40]} Nxe5 {[%emt 0:00:00]} 25. dxe5 {[%emt 0:00:09]} Qxg4 {[%emt 0:00:00]} 26. Nd4 {[%emt 0:02:23]} Rdf8 {[%emt 0:08:30]} 27. f3 {[%emt 0:02:13]} Qf4 {[%emt 0:00:30]} 28. Qg5 {[%emt 0:01:07]} h6 {[%emt 0:01:30]} 29. Qxf4 {[%emt 0:00:05]} Rxf4 {[%emt 0:00:00]} 30. h5 {[%emt 0:00:51]} gxh5 {[%emt 0:03:00]} 31. Kf2 {[%emt 0:01:36]} h4 {[%emt 0:03:30]} 32. Rh1 {[%emt 0:00:41]} Re4 {[%emt 0:05:30]} 33. e6 {[%emt 0:00:30]} Bxe6 {[%emt 0:06:30]} 34. Nxe6 {[%emt 0:00:10]} Rxe6 {[%emt 0:00:00]} 35. Rxh4 {[%emt 0:00:23]} Rb8 {[%emt 0:00:00]} 36. Rd2 {[%emt 0:00:29]} Reb6 {[%emt 0:00:30]} 37. Rg4+ {[%emt 0:01:50]} Kf7 {[%emt 0:00:30]} 38. Rf4+ {[%emt 0:00:09]} Kg7 {[%emt 0:00:30]} 39. Rg4+ {[%emt 0:00:23]} Kf7 {[%emt 0:00:30]} 40. Rf4+ {[%emt 0:00:00]} Ke8 {[%emt 0:00:00]} 41. Kg3 {[%emt 0:02:21]} Rxb2 {[%emt 0:01:00]} 42. Rd1 {[%emt 0:00:30]} R2b4 {[%emt 0:01:30]} 43. Ra1 {[%emt 0:02:30]} Rxf4 {[%emt 0:01:30]} 44. Kxf4 {[%emt 0:00:00]} Nc6 {[%emt 0:00:00]} 45. Kf5 {[%emt 0:01:00]} Kf7 {[%emt 0:00:00]} 46. f4 {[%emt 0:01:30]} Rd8 {[%emt 0:05:30]} 47. Ra6 {[%emt 0:03:30]} Ne7+ {[%emt 0:00:30]} 48. Kg4 {[%emt 0:00:30]} d4 {[%emt 0:00:00]} 49. Rxa7 {[%emt 0:01:30]} d3 {[%emt 0:00:00]} 50. Bf3 {[%emt 0:00:30]} d2 {[%emt 0:00:30]} 51. Bd1 {[%emt 0:02:30]} Rd3 {[%emt 0:04:30]} 52. Rb7 {[%emt 0:07:43]} Rd6 {[%emt 0:04:30]} 53. Kf3 {[%emt 0:01:56]} Kf6 {[%emt 0:01:30]} 54. Rb2 {[%emt 0:02:16]} Nf5 {[%emt 0:00:30]} 55. Ke2 {[%emt 0:02:30]} Ng3+ {[%emt 0:00:30]} 56. Ke3 {[%emt 0:01:30]} Kf5 {[%emt 0:02:30]} 57. Rb5+ {[%emt 0:00:34]} Kg6 {[%emt 0:00:30]} 58. Rb2 {[%emt 0:00:33]} h5 {[%emt 0:00:30]} 59. Rb8 {[%emt 0:02:42]} Nf5+ {[%emt 0:02:30]} 60. Ke4 {[%emt 0:01:32]} Re6+ {[%emt 0:01:30]} 61. Kd3 {[%emt 0:00:35]} Rd6+ {[%emt 0:00:30]} 62. Ke4 {[%emt 0:00:07]} Ng7 {[%emt 0:04:30]} 63. Rh8 {[%emt 0:01:26]} Re6+ {[%emt 0:02:30]} 64. Kd3 {[%emt 0:00:32]} Rd6+ {[%emt 0:01:30]} 65. Ke4 {[%emt 0:00:10]} Re6+ {[%emt 0:01:30]} 1/2-1/2

[Event "27th CRO-chT Women 2018"]
[Site "Biograd"]
[Date "2018.09.15"]
[Round "9.7"]
[White "Cvitan, Ena"]
[Black "Bogdanic, Katarina"]
[Result "1/2-1/2"]
[WhiteElo "2009"]
[BlackElo "1921"]
[Annotator "NA"]
[PlyCount "31"]
[EventDate "2018.09.08"]
[EventType "team-tourn"]
[EventCountry "CRO"]
[SourceTitle "playchess.com"]
[Source "ChessBase"]
[SourceQuality "1"]
[TimeControl "40/5400+30:1800+30"]

{[%evp 8,31,35,2,32767,32767,32767,6,16,8,32767,11,14,5,32767,32767,32767,32767,32767,32767,32767,-22,-13,-30,-23,-25]} 1. d4 {[%emt 0:00:30]} Nf6 {[%emt 0:00:30]} 2. Nf3 {[%emt 0:00:30]} e6 {[%emt 0:00:00]} 3. Bf4 {[%emt 0:00:00]} c5 {[%emt 0:00:00]} 4. e3 {[%emt 0:00:00]} b6 {[%emt 0:00:00]} 5. Nbd2 {[%emt 0:00:30]} Be7 {[%emt 0:01:00] A47: 1 d4 Nf6 2 Nf3 b6: Torre, London and Colle Systems} 6. h3 {[%emt 0:00:30]} O-O {[%emt 0:00:30]} 7. Bd3 {[%emt 0:01:30]} (7. c3 cxd4 8. exd4 Ba6 9. Bxa6 Nxa6 10. O-O Qc8 11. a4 Nc7 12. Re1 {½-½ (32) Li,C (2722)-Wojtaszek,R (2734) Chartres 2017}) 7... cxd4 {[%emt 0:01:30]} 8. exd4 {[%emt 0:00:00]} Ba6 {[%emt 0:01:30]} 9. Bxa6 {[%emt 0:10:00]} Nxa6 {[%emt 0:00:00] LiveBook: 3 Games} 10. O-O {[%emt 0:00:30]} Qc8 {[%emt 0:09:00]} 11. c3 {[%emt 0:01:30]} Qb7 {[%emt 0:01:30]} 12. Nc4 $146 {[%emt 0:03:30]} ({Predecessor:} 12. Re1 d6 {0-1 (76) Mueller,M (2258)-Kunin,V (2534) Germany 2010}) 12... b5 {[%emt 0:07:30]} 13. Ne3 {[%emt 0:02:30]} Nc7 {[%emt 0:03:30]} 14. Bh2 {[%emt 0:05:30]} Ncd5 {[%emt 0:01:30]} 15. Nc2 {[%emt 0:10:30]} Rac8 {[%emt 0:01:30]} 16. Qe2 $11 {[%emt 0:08:30]} 1/2-1/2

[Event "27th CRO-chT Women 2018"]
[Site "Biograd"]
[Date "2018.09.15"]
[Round "9.8"]
[White "Golub, Nikolina"]
[Black "Vujnovic, Patricija"]
[Result "1/2-1/2"]
[WhiteElo "1839"]
[BlackElo "2056"]
[Annotator "NA"]
[PlyCount "76"]
[EventDate "2018.09.08"]
[EventType "team-tourn"]
[EventCountry "CRO"]
[SourceTitle "playchess.com"]
[Source "ChessBase"]
[SourceQuality "1"]
[TimeControl "40/5400+30:1800+30"]

1. d4 {[%emt 0:00:30]} d5 {[%emt 0:00:30]} 2. c4 {[%emt 0:00:00]} e6 {[%emt 0:00:00]} 3. Nf3 {[%emt 0:00:00]} a6 {[%emt 0:00:00]} 4. a4 {[%emt 0:00:30]} Nf6 {[%emt 0:02:30]} 5. Bf4 {[%emt 0:01:30]} Bb4+ {[%emt 0:00:30]} 6. Bd2 {[%emt 0:00:30]} Be7 {[%emt 0:03:30]} 7. Nc3 {[%emt 0:02:30]} c5 {[%emt 0:01:30]} 8. e3 {[%emt 0:03:30]} Nc6 {[%emt 0:02:30]} 9. cxd5 {[%emt 0:08:30]} exd5 {[%emt 0:00:30]} 10. dxc5 {[%emt 0:01:30]} Bxc5 {[%emt 0:00:30]} 11. Be2 {[%emt 0:01:30]} O-O {[%emt 0:02:30]} 12. O-O {[%emt 0:00:30]} Qe7 {[%emt 0:08:30]} 13. a5 {[%emt 0:08:30]} Ba7 {[%emt 0:13:30]} 14. Na4 {[%emt 0:07:30]} Ne4 {[%emt 0:09:30]} 15. Bc3 {[%emt 0:05:30]} Be6 {[%emt 0:06:30]} 16. Qb1 {[%emt 0:10:30]} Nxc3 {[%emt 0:02:30]} 17. Nxc3 {[%emt 0:00:30]} d4 {[%emt 0:00:30]} 18. exd4 {[%emt 0:00:30]} Nxd4 {[%emt 0:01:30]} 19. Nxd4 {[%emt 0:00:30]} Bxd4 {[%emt 0:00:30]} 20. Rd1 {[%emt 0:00:30]} Rad8 {[%emt 0:02:30]} 21. Qe4 {[%emt 0:03:30]} Qf6 {[%emt 0:03:30]} 22. Qf3 {[%emt 0:03:30]} Bb3 {[%emt 0:06:30]} 23. Qxf6 {[%emt 0:07:30]} Bxf6 {[%emt 0:00:30]} 24. Rxd8 {[%emt 0:00:30]} Rxd8 {[%emt 0:00:00]} 25. Bf3 {[%emt 0:00:30]} Rd7 {[%emt 0:05:00]} 26. Re1 {[%emt 0:00:30]} Kf8 $15 {[%emt 0:04:30]} 27. g3 {[%emt 0:01:30]} Bd4 {[%emt 0:05:39]} 28. Rc1 {[%emt 0:11:30]} Rc7 {[%emt 0:04:21]} 29. Ne2 {[%emt 0:05:13]} Rxc1+ {[%emt 0:00:03]} 30. Nxc1 {[%emt 0:00:01]} Bc4 {[%emt 0:00:36]} 31. b3 {[%emt 0:00:06]} Bb5 {[%emt 0:00:53]} 32. Bxb7 {[%emt 0:00:04]} Bc3 {[%emt 0:01:42]} 33. Be4 {[%emt 0:00:12]} Bxa5 {[%emt 0:00:17]} 34. Bd3 {[%emt 0:00:11]} Bxd3 {[%emt 0:03:41]} 35. Nxd3 {[%emt 0:00:03]} Bc3 {[%emt 0:00:27]} 36. Kf1 {[%emt 0:03:05]} Ke7 {[%emt 0:00:52]} 37. Ke2 {[%emt 0:01:42]} Kd6 {[%emt 0:00:43]} 38. Ke3 {[%emt 0:00:45]} g6 {[%emt 0:01:39]} 1/2-1/2

[Event "27th CRO-chT Women 2018"]
[Site "Biograd"]
[Date "2018.09.15"]
[Round "9.9"]
[White "Krivec, Jana"]
[Black "Janzelj, Lara"]
[Result "1/2-1/2"]
[WhiteElo "2185"]
[BlackElo "2254"]
[Annotator "NA"]
[PlyCount "61"]
[EventDate "2018.09.08"]
[EventType "team-tourn"]
[EventCountry "CRO"]
[SourceTitle "playchess.com"]
[Source "ChessBase"]
[SourceQuality "1"]
[TimeControl "40/5400+30:1800+30"]

1. e4 {[%emt 0:00:30]} e5 {[%emt 0:00:30]} 2. Nc3 {[%emt 0:00:00]} Nf6 {[%emt 0:00:30]} 3. Bc4 {[%emt 0:00:00]} Nxe4 {[%emt 0:03:30]} 4. Qh5 {[%emt 0:09:30]} Nd6 {[%emt 0:01:30]} 5. Qxe5+ {[%emt 0:04:30]} Qe7 {[%emt 0:02:30]} 6. Qxe7+ {[%emt 0:00:00]} Bxe7 {[%emt 0:00:30]} 7. Bb3 {[%emt 0:02:00]} Nf5 {[%emt 0:05:30]} 8. Nf3 {[%emt 0:04:30]} c6 {[%emt 0:03:30] C27: Vienna Game: 2...Nf6 3 Bc4 Nxe4} 9. d4 {[%emt 0:05:30]} d5 {[%emt 0:03:30]} 10. Ne2 {[%emt 0:05:30] LiveBook: 5 Games} O-O {[%emt 0:05:30]} 11. O-O {[%emt 0:04:30]} Nh4 {[%emt 0:06:30]} 12. Nxh4 {[%emt 0:09:30]} Bxh4 {[%emt 0:00:30]} 13. Ng3 {[%emt 0:00:30]} Be6 {[%emt 0:05:30]} 14. c3 {[%emt 0:03:30]} Nd7 {[%emt 0:01:30]} 15. Bc2 {[%emt 0:01:30] [#]} Rfe8 $146 {[%emt 0:02:30]} ({Predecessor:} 15... g6) 16. Nf5 {[%emt 0:04:30]} Bxf5 {[%emt 0:01:30]} 17. Bxf5 {[%emt 0:00:00]} Nb6 {[%emt 0:02:30]} 18. b3 {[%emt 0:02:00]} g6 {[%emt 0:00:30]} 19. Bd3 {[%emt 0:00:00]} Re6 {[%emt 0:00:30]} 20. Bd2 {[%emt 0:01:00]} Rae8 {[%emt 0:00:30]} 21. Rfe1 {[%emt 0:00:30]} Rxe1+ {[%emt 0:03:30]} 22. Rxe1 {[%emt 0:00:00]} Rxe1+ {[%emt 0:00:30]} 23. Bxe1 {[%emt 0:00:00]} Bg5 {[%emt 0:00:30]} 24. Kf1 {[%emt 0:00:30]} Kf8 {[%emt 0:00:30]} 25. Ke2 {[%emt 0:00:30]} Ke7 {[%emt 0:00:00]} 26. f3 {[%emt 0:00:30]} Bf4 {[%emt 0:01:00]} 27. g3 {[%emt 0:01:30]} Bd6 {[%emt 0:00:30]} 28. c4 {[%emt 0:01:30]} Bc7 $11 {[%emt 0:00:30]} 29. h4 {[%emt 0:00:30]} Ke6 {[%emt 0:01:30]} 30. g4 {[%emt 0:03:30]} h5 {[%emt 0:02:30]} 31. Bf2 {[%emt 0:03:30]} 1/2-1/2

[Event "27th CRO-chT Women 2018"]
[Site "Biograd"]
[Date "2018.09.15"]
[Round "9.11"]
[White "Starcevic, Andrea"]
[Black "Muha, Magdalena"]
[Result "1-0"]
[WhiteElo "1893"]
[BlackElo "1839"]
[Annotator "NA"]
[PlyCount "81"]
[EventDate "2018.09.08"]
[EventType "team-tourn"]
[EventCountry "CRO"]
[SourceTitle "playchess.com"]
[Source "ChessBase"]
[SourceQuality "1"]
[TimeControl "40/5400+30:1800+30"]

1. c4 {[%emt 0:00:30]} c6 {[%emt 0:00:30]} 2. e3 {[%emt 0:00:00]} d5 {[%emt 0:00:00]} 3. Nc3 {[%emt 0:00:00]} Nf6 {[%emt 0:00:00]} 4. Nf3 {[%emt 0:00:30]} e6 {[%emt 0:03:30] LiveBook: 2142 Games} 5. d4 {[%emt 0:01:30]} Be7 {[%emt 0:00:30]} 6. Be2 {[%emt 0:01:30]} O-O {[%emt 0:02:30]} 7. O-O {[%emt 0:00:00]} Nbd7 {[%emt 0:01:30]} 8. a3 {[%emt 0:01:00]} dxc4 $11 {[%emt 0:02:30]} 9. Bxc4 {[%emt 0:01:30]} c5 {[%emt 0:02:30]} 10. dxc5 {[%emt 0:02:30]} Nxc5 {[%emt 0:01:30]} 11. Qc2 {[%emt 0:10:30]} a6 {[%emt 0:03:30]} 12. b4 {[%emt 0:05:30]} Ncd7 {[%emt 0:00:30]} 13. Bb2 {[%emt 0:01:30]} b5 {[%emt 0:00:30]} 14. Ba2 {[%emt 0:09:30]} Bb7 {[%emt 0:03:30]} 15. Qe2 {[%emt 0:04:30]} Qc7 {[%emt 0:07:30]} 16. Rac1 {[%emt 0:04:30]} Ng4 {[%emt 0:04:30]} 17. Nd5 {[%emt 0:14:30]} Qd6 {[%emt 0:00:30]} 18. Nxe7+ {[%emt 0:00:30]} Qxe7 {[%emt 0:00:00]} 19. h3 {[%emt 0:01:30]} Ngf6 {[%emt 0:01:00]} 20. Rc7 {[%emt 0:02:30]} Bd5 {[%emt 0:01:30]} 21. Bxf6 {[%emt 0:03:30]} gxf6 {[%emt 0:01:30]} 22. Bxd5 {[%emt 0:00:00]} exd5 {[%emt 0:00:00]} 23. Nd4 {[%emt 0:00:00]} Kh8 {[%emt 0:01:00]} 24. Qg4 {[%emt 0:03:30]} Rfd8 {[%emt 0:01:30]} 25. Nc6 {[%emt 0:01:30]} Qd6 {[%emt 0:01:30]} 26. Nxd8 {[%emt 0:00:30]} Rxd8 {[%emt 0:00:00]} 27. Rfc1 {[%emt 0:00:30]} Ne5 {[%emt 0:00:00]} 28. Qf5 {[%emt 0:01:30]} Kg7 {[%emt 0:03:30]} 29. Rc8 {[%emt 0:02:30]} Rd7 {[%emt 0:00:30]} 30. Qf4 {[%emt 0:02:30]} Rd8 {[%emt 0:03:30]} 31. Rxd8 {[%emt 0:02:30]} Qxd8 {[%emt 0:00:00]} 32. Rc5 {[%emt 0:02:30]} Ng6 {[%emt 0:06:00]} 33. Qd4 {[%emt 0:01:30]} Ne7 {[%emt 0:00:30]} 34. e4 {[%emt 0:00:30]} Qd6 {[%emt 0:01:30]} 35. exd5 {[%emt 0:00:00]} Ng6 {[%emt 0:01:30]} 36. Rc6 {[%emt 0:01:00]} Qe7 {[%emt 0:00:30]} 37. d6 {[%emt 0:00:30]} Qe1+ {[%emt 0:00:30]} 38. Kh2 {[%emt 0:00:30]} Ne5 {[%emt 0:00:30]} 39. Rc3 {[%emt 0:02:06]} h6 {[%emt 0:01:30]} 40. Rg3+ {[%emt 0:00:00]} Kh7 {[%emt 0:00:00]} 41. d7 {[%emt 0:01:24]} 1-0

[Event "27th CRO-chT Women 2018"]
[Site "Biograd"]
[Date "2018.09.15"]
[Round "9.12"]
[White "Koksa, Jelena"]
[Black "Tomulic, Vesna"]
[Result "1/2-1/2"]
[WhiteElo "1764"]
[BlackElo "1837"]
[Annotator "NA"]
[PlyCount "38"]
[EventDate "2018.09.08"]
[EventType "team-tourn"]
[EventCountry "CRO"]
[SourceTitle "playchess.com"]
[Source "ChessBase"]
[SourceQuality "1"]
[TimeControl "40/5400+30:1800+30"]

1. e4 {[%emt 0:00:30]} c5 {[%emt 0:00:30]} 2. Nf3 {[%emt 0:00:00]} e6 {[%emt 0:00:00]} 3. d4 {[%emt 0:00:00]} cxd4 {[%emt 0:00:00]} 4. Nxd4 {[%emt 0:00:00]} a6 {[%emt 0:00:30]} 5. Bd3 {[%emt 0:01:00]} Qc7 {[%emt 0:01:30]} 6. Qe2 $11 {[%emt 0:01:30] LiveBook: 65 Games} Nc6 {[%emt 0:01:30]} 7. Nxc6 {[%emt 0:02:30]} dxc6 {[%emt 0:00:30]} 8. O-O {[%emt 0:00:30]} Bd6 {[%emt 0:00:30]} 9. h3 {[%emt 0:00:30]} e5 {[%emt 0:04:30]} 10. c4 {[%emt 0:01:30]} Ne7 {[%emt 0:03:30]} 11. Be3 {[%emt 0:01:30]} Ng6 {[%emt 0:02:30]} 12. Nc3 {[%emt 0:03:30]} Qe7 {[%emt 0:03:30]} 13. Na4 {[%emt 0:04:30]} Be6 {[%emt 0:01:30]} 14. c5 {[%emt 0:04:30]} Bc7 {[%emt 0:00:30]} 15. Bc4 {[%emt 0:00:30]} O-O {[%emt 0:00:30]} 16. Rfd1 {[%emt 0:10:30]} Rad8 {[%emt 0:04:30]} 17. Bxe6 {[%emt 0:05:30]} Qxe6 {[%emt 0:00:30]} 18. Nc3 {[%emt 0:08:30]} Ba5 {[%emt 0:09:30]} 19. Rxd8 {[%emt 0:12:30]} Rxd8 {[%emt 0:00:30]} 1/2-1/2